Loading...
History - World History | 0 | 5 | 0 | 2 | 50 | 73 | 104.40 | 0 | 5 |
Social Science | 0 | 3 | 0 | 1 | 30 | 87 | 105.67 | 1 | 3 |
History - European History | 0 | 3 | 0 | 1 | 30 | 95 | 119.33 | 0 | 3 |
Fine Arts - Painting & Sculpture | 0 | 3 | 1 | 0 | 25 | 104 | 117.33 | 0 | 3 |
Science - Biology | 0 | 3 | 1 | 0 | 25 | 70 | 97.00 | 2 | 3 |
History - Other History | 0 | 3 | 1 | 1 | 25 | 106 | 119.00 | 0 | 3 |
Philosophy | 0 | 3 | 1 | 0 | 25 | 103 | 114.00 | 0 | 3 |
Literature - European Literature | 0 | 2 | 0 | 0 | 20 | 102 | 124.00 | 0 | 2 |
History - American History | 0 | 2 | 0 | 0 | 20 | 89 | 109.50 | 1 | 2 |
Literature - American Literature | 0 | 2 | 0 | 2 | 20 | 130 | 142.50 | 0 | 2 |
Literature - World Literature | 0 | 2 | 0 | 0 | 20 | 129 | 138.00 | 0 | 2 |
Religion | 0 | 2 | 0 | 1 | 20 | 124 | 126.50 | 0 | 2 |
Science - Other Science | 0 | 1 | 0 | 0 | 10 | 107 | 107.00 | 0 | 1 |
Fine Arts - Classical Music | 0 | 1 | 0 | 1 | 10 | 129 | 129.00 | 0 | 1 |
Fine Arts - Other Fine Arts | 0 | 1 | 0 | 0 | 10 | 96 | 96.00 | 0 | 1 |
Science - Physics | 0 | 1 | 0 | 0 | 10 | 81 | 81.00 | 1 | 1 |
Literature - British Literature | 0 | 0 | 1 | 0 | -5 | 0.00 | 0 | 0 | |
Mythology | 0 | 0 | 1 | 0 | -5 | 0.00 | 0 | 0 | |
Other | 0 | 0 | 4 | 0 | -20 | 0.00 | 0 | 0 |